000 00340nam a2200133Ia 4500
008 100328s9999 xx 000 0 und d
082 _b22454
100 _aनांगरे बलराम
245 _aअपंगा
260 _bग.रा.पाठक
630 _aअपंगा
730 _aअपंगा
942 _cBOOK
999 _c516342
_d516339